000 00678 a2200217 4500
005 20260113162945.0
008 260113b |||||||| |||| 00| 0 eng d
037 _cTB
040 _aCRL
_cCRL
041 _2ARB
_aARB
084 _aU8.461 28[R5]
_bCRL
100 _aMazini, Ibraheem Abdul Qadir
_9854182
245 _aRehlat al-hijaz
260 _aCairo, Egypt:
_bMisr book shop,
_c2024.
300 _a139p.
365 _b250.00
_cINR
650 _aGeography
_9864271
650 _aTravel
_9864272
942 _cTB
_2CC
_n0
_hU8.461 28[R5]
999 _c1465844
_d1465844